| 000 | 00487nam a2200157Ia 4500 | ||
|---|---|---|---|
| 005 | 20240920093244.0 | ||
| 008 | 240126s9999 xx 000 0 und d | ||
| 020 | _a9781484291023 | ||
| 082 | _a004.678 HAB;1 R | ||
| 100 | _aHaber, Morey J. Chappel, Brian. Hills, Christopher. | ||
| 245 | 0 | _aCloud attack vectors : building effective cyber -defense strategies to protect cloud resources | |
| 260 |
_bApress Media _aNew York |
||
| 300 | _axxxi, 473 | ||
| 440 | _aNULL | ||
| 942 | _cPU | ||
| 999 |
_c296021 _d296021 |
||